Datum a čas kvízu
30
Celkem bodů
Celkový počet nahraných bodů na tomto kvízu bez doplňovacích otázek.
2.
Pořadí na kvízu
Konečné umístění týmu na tomto kvízu.
Zaznamenané odpovědi
| # | Otázka | Odpověď | Body | Výsledky |
|---|---|---|---|---|
| 1. | Co se minulý týden v pražském... | stát se Miss | 0 | |
| 2. | Italská policie zabavila minul... | Šeherezáda | 1 | |
| 3. | Jistý kanadský zpěvák nechal s... | Justin Bieber | 1 | |
| 4. | V minulém týdnu se vyrojily sp... | guvernér ČNB | 0 | |
| 5. | Kvůli dešti se neuskutečnilo p... | smetiště FNL | 0 | |
| 6. | V tomto tématu se podíváme na... | Siena (Kateřina Sienská) | 1 | |
| 7. | Jak se jmenoval velkomoravský... | Rostislav / Rastislav | 0 | |
| 8. | Na obrázku vidíme svatého Vlad... | Kyjevská Rus | 1 | |
| 9. | Svatý Ivan Rilský byl poustevn... | Bulharska | 0 | |
| 10. | Které evropské světici se někd... | Johance / Janě z Arku | 1 |